000 00322nam a22001457a 4500
003 SGT
020 _a9789395759199
082 _a346
_bBAN
100 _aBANGIA R K
245 _aTHE NEGOTIABLE INSTRUMENT ACT 1881
250 _a13
260 _aFARIDABAD
_bALLAHABAD LAW AGENCY
_c2023
300 _a263
942 _2ddc
_cBK
999 _c34079
_d34079